00271pab a2200121 454500008004000000100001900040245002200059260000900081300001000090362001200100650002200112773001500134180718b1984 xxu||||| |||| 00| 0 eng d aDang, Satyapal aSikh personal law c1984 a11-13 a25 Aug. aLaw, Sikh - India aMainstream